|
|
|
|
| LEADER |
00891nam a2200241 a 4500 |
| 001 |
2049311 |
| 008 |
100427r20041994enk b 001 0 eng d |
| 010 |
|
|
|a \\\93003919
|
| 020 |
|
|
|a 0192892460
|
| 040 |
|
|
|a DLC
|c DLC
|d DLC
|d BD-DhAAL
|
| 082 |
0 |
0 |
|a 170
|2 22
|
| 100 |
1 |
|
|a Raphael, D. D.
|q (David Daiches),
|d 1916-
|
| 245 |
1 |
0 |
|a Moral philosophy /
|c D.D. Raphael.
|
| 250 |
|
|
|a 2nd, enl. ed.
|
| 260 |
|
|
|a Oxford ;
|a New York :
|b Oxford University Press,
|c 1994 [reprinted 2004].
|
| 300 |
|
|
|a vi, 152 p. ;
|c 19 cm.
|
| 500 |
|
|
|a "An OPUS book"--P. [i].
|
| 504 |
|
|
|a Includes bibliographical references (p. [147]-149) and index.
|
| 541 |
1 |
|
|e 00014939
|
| 650 |
|
0 |
|a Ethics.
|
| 852 |
4 |
|
|a Ayesha Abed Library
|j General Shelf
|
| 999 |
|
|
|c 8277
|d 8277
|
| 952 |
|
|
|0 0
|1 0
|2 ddc
|4 0
|6 170_RAP_200400000000000
|7 0
|9 9500
|a BRACUL
|b BRACUL
|c GEN
|d 2010-04-27
|l 6
|m 33
|o 170 RAP
|p 3010014939
|r 2024-10-01
|s 2024-09-04
|t 1
|w 2010-04-27
|y BK
|